| 000 | 00000nam##2200000za#4500 |
| 001 | 9.600170 |
| 003 | CaOODSP |
| 005 | 20210624205436 |
| 007 | cr ||||||||||| |
| 008 | 150406|1998||||xxc|||||o f|0| 0 fre|d |
| 020 | |a978-1-100-96286-3 |
| 040 | |aCaOODSP|bfre |
| 043 | |an-cn--- |
| 086 | 1 |aEn83-5/98-02-IF-PDF |
| 110 | 1 |aCanada. |bEnvironnement Canada. |bRégion de l'Ontario. |
| 245 | 10|aContaminants organiques traces dans le fleuve Saint-Laurent à Wolfe Island |h[ressource électronique] |
| 260 | |aBurlington - Ontario : |bEnvironnement Canada. |cJuin 1998. |
| 300 | |a33p.|bfigures, graphiques, carte, références, tableaux |
| 490 | 1 |aDivision de la santé des écosystèmes - rapport |vEHD 98-02/I |
| 590 | |a12-25-Supp|b2012-06-04 |
| 691 | 07|aQualité de l'eau|2gcpds |
| 775 | 08|tTrace organic contaminants in the St. Lawrence River at Wolfe Island |w(CaOODSP)9.568911 |
| 830 | #0|aDivision de la santé des écosystèmes - rapport ;|vEHD 98-02/I|w(CaOODSP)9.502682 |
| 856 | 40|ahttp://publications.gc.ca|qPDF|s305 Ko|uhttps://publications.gc.ca/collections/collection_2011/ec/En83-5-98-02-I-fra.pdf|yEHD 98-02/I |